Информационная система для решения задач восстановления зависимостей непараметрическими методами; Кибернетика и вуз; Вып. 29

Detalhes bibliográficos
Parent link:Кибернетика и вуз: межвузовский научно-технический сборник/ Томский политехнический институт.— , 1969-
Вып. 29.— 1999.— С. 67-74
Autor principal: Вылегжанин О. Н. Олег Николаевич
Outros Autores: Шкатова Г. И. Галина Ивановна
Idioma:russo
Publicado em: 1999
Assuntos:
Formato: MixedMaterials Capítulo de Livro
KOHA link:https://koha.lib.tpu.ru/cgi-bin/koha/opac-detail.pl?biblionumber=197519

MARC

LEADER 00000naa2a2200000 4500
001 197519
005 20231031183507.0
035 |a (RuTPU)RU\TPU\book\215453 
035 |a RU\TPU\book\215452 
090 |a 197519 
100 |a 20110614d1999 k y0rusy50 ca 
101 0 |a rus 
102 |a RU 
200 1 |a Информационная система для решения задач восстановления зависимостей непараметрическими методами  |f О. Н. Вылегжанин, Г. И. Шкатова 
320 |a Библиогр.: 9 назв. 
461 1 |0 (RuTPU)RU\TPU\book\139782  |t Кибернетика и вуз  |o межвузовский научно-технический сборник  |f Томский политехнический институт  |d 1969- 
463 1 |0 (RuTPU)RU\TPU\book\13445  |t Вып. 29  |f под ред. В. З. Ямпольского  |v С. 67-74  |d 1999  |p 271 с. 
610 1 |a труды учёных ТПУ 
700 1 |a Вылегжанин  |b О. Н.  |c российский ученый, специалист в области математических методов обработки данных  |c доцент Томского политехнического университета, кандидат химических наук  |f 1943-  |g Олег Николаевич  |2 stltpush  |3 (RuTPU)RU\TPU\pers\25385 
701 1 |a Шкатова  |b Г. И.  |c специалист в области прикладной математики  |c доцент Томского политехнического университета, кандидат технических наук  |f 1945-  |g Галина Ивановна  |2 stltpush  |3 (RuTPU)RU\TPU\pers\25415 
801 1 |a RU  |b 63413507  |c 20101206 
801 2 |a RU  |b 63413507  |c 20111229  |g RCR 
942 |c BK